Old and New Masters (Record no. 241855)
[ view plain ]
| 000 -LEADER | |
|---|---|
| fixed length control field | 01456cam a22002653a 4500 |
| 001 - CONTROL NUMBER | |
| control field | 12600 |
| 003 - CONTROL NUMBER IDENTIFIER | |
| control field | PGUSA |
| 005 - DATE AND TIME OF LATEST TRANSACTION | |
| control field | 20140828083254.0 |
| 008 - FIXED-LENGTH DATA ELEMENTS--GENERAL INFORMATION | |
| fixed length control field | 040601s2004||||xxu|||||s|||||000 | eng d |
| 040 ## - CATALOGING SOURCE | |
| Original cataloging agency | PGUSA |
| Language of cataloging | eng |
| 042 ## - AUTHENTICATION CODE | |
| Authentication code | dc |
| 050 #4 - LIBRARY OF CONGRESS CALL NUMBER | |
| Classification number | PN |
| 100 1# - MAIN ENTRY--PERSONAL NAME | |
| Personal name | Lynd, Robert, |
| Dates associated with a name | 1879-1949 |
| 245 10 - TITLE STATEMENT | |
| Title | Old and New Masters |
| Medium | [electronic resource] / |
| Statement of responsibility, etc | Robert Lynd |
| 260 ## - PUBLICATION, DISTRIBUTION, ETC. (IMPRINT) | |
| Name of publisher, distributor, etc | Project Gutenberg, |
| Date of publication, distribution, etc | 2004 |
| 505 0# - FORMATTED CONTENTS NOTE | |
| Formatted contents note | Dostoevsky the sensationalist -- Jane Austen: natural historian -- Mr. G.K. Chesterton and Mr. Hilaire Belloc -- Wordsworth -- Keats -- Henry James -- Browning: the poet of love -- The fame of J.M. Synge -- Villon: the genius of the tavern -- Pope -- James Elroy Flecker -- Turgenev -- The madness of Strindberg -- "The prince of French poets" [Ronsard] -- Rossetti and ritual -- Mr. Bernard Shaw -- Mr. Masefield's secret -- Mr. W.B. Yeats -- Tchehov: the perfect story-teller -- Lady Gregory -- Mr. Cunninghame Graham -- Swinburne -- The work of T.M. Kettle -- Mr. J.C. Squire -- Mr. Joseph Conrad -- Mr. Rudyard Kipling -- Mr. Thomas Hardy. |
| 506 ## - RESTRICTIONS ON ACCESS NOTE | |
| Terms governing access | Public domain in the USA. |
| 516 ## - TYPE OF COMPUTER FILE OR DATA NOTE | |
| Type of computer file or data note | Electronic text |
| 653 ## - INDEX TERM--UNCONTROLLED | |
| Uncontrolled term | English literature -- 19th century -- History and criticism |
| 653 ## - INDEX TERM--UNCONTROLLED | |
| Uncontrolled term | English literature -- 20th century -- History and criticism |
| 653 ## - INDEX TERM--UNCONTROLLED | |
| Uncontrolled term | Literature, Modern -- History and criticism |
| 830 #0 - SERIES ADDED ENTRY--UNIFORM TITLE | |
| Uniform title | Project Gutenberg |
| Volume number/sequential designation | 12600 |
| 856 40 - ELECTRONIC LOCATION AND ACCESS | |
| Uniform Resource Identifier | <a href="http://www.gutenberg.org/ebooks/12600">http://www.gutenberg.org/ebooks/12600</a> |
| 942 ## - ADDED ENTRY ELEMENTS (KOHA) | |
| Koha item type | eBooks |
| Withdrawn status | Lost status | Damaged status | Home library | Current library | Date acquired | Total Checkouts | Date last seen | Price effective from | Koha item type |
|---|---|---|---|---|---|---|---|---|---|
| Project Gutenberg | Project Gutenberg | 08/28/2014 | 08/28/2014 | 08/28/2014 | eBooks |